000 00613nam a22001937a 4500
003 BUBTL
008 210824b xxu||||| |||| 00| 0 eng d
020 _a9789843319302
082 _a342.5492083 / M727l
100 _94137
_a Mohsin, I. M. M.
245 _aThe law of citizenship, and passport of Bangladesh, and also other related foreign laws /
_cI. M. M. Mohsin
250 _a4th ed.
260 _aDhaka :
_bDhaka Law Distribution Company,
_cc2012.
300 _a336 p. :
_c22 cm.
650 0 _926
_aLaw
856 _k0
_l0
_yDownload
942 _2ddc
_cBK
999 _c6518
_d6518